00559 2200205 4500001002100000008004100021035002000062245005400082100001400136250001000150260004100160300003300201020002200234084001400256520003000270082000800300650002100308990001200329990001200341INLIS000000000015010 ind  a0010-1222000089 aOrang-Orang di Garis DepancHendi Jo;editor, Mapa aHENDI, Jo acet.2 aMatapadi Presindo,bYogyakartac2019 axiv, 368 hlm.: ilus.c21 cm. a978-602-1634-26-4 a920 HEN o aBibliografi.: 257-368 hlm a920 aSEJARAH.BIOGRAFI a10218 a a10218 b